Tesol Quarterly/Volume 34 : Teachers of English to Speakers of other Languages / number 1

Gardado en:
Detalles Bibliográficos
Autor Principal: Alatis, James E.
Formato: Libro
Idioma:English
Publicado: Georgetown University Washington, DC, 2000.
Những chủ đề:
Các nhãn: Engadir etiqueta
Sen Etiquetas, Sexa o primeiro en etiquetar este rexistro!
Thư viện lưu trữ: Mạng thư viện Đại học Đà Nẵng
LEADER 01061cam a22002891a 4500
001 000033679
003 9865
005 20210329151531.0
008 151016s2000 000 eng
041 |a eng 
082 |a 420.8  |b AL-J 
100 |a Alatis, James E. 
245 0 |a Tesol Quarterly/Volume 34 :  |b Teachers of English to Speakers of other Languages /  |c James E.Alatis  |n number 1 
260 |a Georgetown University Washington, DC,  |c 2000. 
300 |a 202tr. :  |b mh. ;  |c 24cm. 
650 |a Tesol Quarterly  |a English to Speakers  |a Teachers of English 
OWN |a LNN 
AVA |a UDN50  |b LNN  |c English  |d 420.8 SH-A  |e available  |t Error 5001 Not defined in file expand_doc_bib_avail.  |f 1  |g 0  |h N  |i 0  |j AN  |k 1 
999 |a From the UDN01 
AVA |a UDN50  |b LNN  |c English  |d 420.8 SH-A  |e available  |t Error 5001 Not defined in file expand_doc_bib_avail.  |f 1  |g 0  |h N  |i 0  |j AN  |k 1 
TYP |a Monograph 
TYP |a Printed language 
980 |a Mạng thư viện Đại học Đà Nẵng